000 01106nam0a22002891 4500
001 rc\4554702
005 20250612115304.0
021 _aRU
_b[59-54670]
035 _a(NLR Aleph) 008643583
090 _a8957705
_c8957705
100 _a20130416d1959 |||y0rusy50 ca
101 1 _arus
_cfre
102 _aRU
105 _aa z |||||
200 1 _aБолезни и вредители винограда и борьба с ними
_e[Сокр. пер. с фр.]
210 _aМосква
_cСельхозгиз
_d1959
215 _a229 с.
_cил.
_d21
300 _aНа обороте тит. л.: Maladies et parasites de la vigne. Causes et traitements par Jean Lafon et Pierre Couillaud Station viticole de Cognac avec la collaboration de Roger Hude. Paris, 1955
517 0 _aMaladies et parasites de la vigne
606 _aВиноградная лоза
_xБолезни и вредители
_2psbo
700 1 _aЛафон
_bЖ.
_gЖан
701 1 _aКуйо
_bП.
_gПьер
801 0 _aRU
_bNLR
_gpsbo
801 1 _aRU
_bELAR
_2rusmarc
852 _aNLR
_j59-3/4673
942 _cBOOK
980 _aNB